[Event "It (open)"]
[Site "San Miguel (Spain)"]
[Round "6"]
[White "Sierra Canosa Francisco (ESP)"]
[Black "Rodriguez Uria Julio Antonio (ESP)"]
[Result "0-1"]
[WhiteElo "2158"]
[BlackElo "2230"]

1.d4 d6 2.c4 f5 3.g3 g6 4.Bg2 Nf6 5.Nc3 Bg7 6.d5 c6 7.e4 fxe4 8.Nxe4 Nxe4
9.Bxe4 cxd5 10.cxd5 Qb6 11.Ne2 Qb4+ {#R} 0-1

[Event "Ch Finland (team) 1999/00"]
[Site "Finland"]
[Round "8"]
[White "Mertanen Janne (FIN)"]
[Black "Koskinen Henri (FIN)"]
[Result "0-1"]
[WhiteElo "2185"]
[BlackElo "2310"]

1.d4 d6 2.Nf3 g6 3.c4 Bg7 4.Nc3 f5 5.e4 Nf6 6.exf5 Bxf5 7.Bd3 Qc8 8.Bxf5 Qxf5
9.O-O O-O 10.Qb3 b6 11.d5 Nbd7 12.Nd4 Qh5 13.Qd1 Ng4 14.h3 Rxf2 15.Ne6 Rxf1+
16.Qxf1 Nge5 17.Nb5 Nc5 18.Nbxc7 Rc8 19.Bf4 Bf6 20.Nxc5 bxc5 21.Ne6 Qf5
22.Bxe5 Qxe5 23.Rb1 Rb8 24.b3 a5 25.Qe1 Qf5 26.Qf1 Qc2 27.g4 Be5 {#R} 0-1

[Event "Ch Euskadi"]
[Site "Euskadi (Spain)"]
[Round "1"]
[White "Alvarez Ibarra Rafael (ESP)"]
[Black "Mindeguia Guruceaga Juan J (ESP)"]
[Result "1-0"]
[WhiteElo "2404"]
[BlackElo "2169"]

1.d4 d6 2.Nf3 g6 3.g3 Bg7 4.Bg2 Nc6 5.O-O e5 6.dxe5 dxe5 7.Qxd8+ Nxd8 8.Nc3
Ne6 9.Ng5 c6 10.Nce4 Nd4 11.Nd6+ Ke7 12.Ndxf7 Nxe2+ 13.Kh1 Nxc1 14.Nxh8 Ne2
15.c3 Bf5 16.Rfe1 h6 17.Ngf7 Bd3 18.Bf3 Bc4 19.Nxe5 {#r} 1-0

[Event "It (open)"]
[Site "Lisbon (Portugal)"]
[Round "9"]
[White "Heinlein Reinhold (GER)"]
[Black "Galego Luis (POR)"]
[Result "0-1"]
[WhiteElo "2171"]
[BlackElo "2419"]

1.d4 d6 2.c4 e5 3.e3 Nf6 4.Nc3 Be7 5.Bd3 O-O 6.Nge2 Re8 7.O-O c6 8.Qc2 Bf8
9.b3 a5 10.Bb2 Na6 11.a3 Qe7 12.Ng3 g6 13.Rae1 Bg7 14.h3 Bd7 15.Re2 h5 16.f4
h4 17.fxe5 dxe5 18.dxe5 Ng4 19.Nf5 Bxf5 20.Bxf5 Nxe5 21.Be4 Nc5 22.Kh1 Rad8
23.Rd1 Rxd1+ 24.Nxd1 Nxc4 25.Bxg7 Nxe4 {#R} 0-1

[Event "Ch Russia (juniors) (under 18)"]
[Site "Neftekamsk (Russia)"]
[Round "7"]
[White "Bolschakov Alexander (RUS)"]
[Black "Fatkhutdinov Gafiyat (RUS)"]
[Result "1-0"]
[WhiteElo "2296"]
[BlackElo "2204"]

1.d4 d6 2.c4 e5 3.d5 f5 4.Nc3 Nf6 5.Qc2 Be7 6.e4 f4 7.Nf3 h6 8.c5 O-O 9.Bc4
Kh8 10.cxd6 Bxd6 11.h3 g5 12.b3 a6 13.a4 Qe7 14.Bb2 Nbd7 15.Be2 Kg7 16.O-O-O
Ne8 17.g4 fxg3 18.fxg3 Bc5 19.Kb1 Bf2 20.g4 Be3 21.d6 Qe6 22.Nd5 Bf4 23.Bc4
Qg6 24.Nxf4 gxf4 25.Nxe5 Nxe5 26.Bxe5+ Kh7 27.d7 {#r} 1-0

[Event "Ch City"]
[Site "Lisbon (Portugal)"]
[Round "7"]
[White "Guerra Victor (POR)"]
[Black "Oliveira Luis (POR)"]
[Result "1-0"]
[WhiteElo "2156"]
[BlackElo "2166"]

1.d4 d6 2.c4 e5 3.dxe5 dxe5 4.Qxd8+ Kxd8 5.Nc3 Be6 6.b3 Nd7 7.e4 Ngf6 8.Bb2
Bb4 9.Bd3 c6 10.O-O-O Kc7 11.h3 Ne8 12.g3 f6 13.f4 Rd8 14.Nf3 Bd6 15.Ne2 Bf7
16.Bc2 g6 17.Rd3 Rf8 18.Rhd1 Nc5 19.R3d2 exf4 20.gxf4 Ne6 21.e5 fxe5 22.Nxe5
Bc5 23.Rd7+ {#r} 1-0

[Event "It (open)"]
[Site "Deurne (Belgium)"]
[Round "4"]
[White "Goncalves Jorge (POR)"]
[Black "Abolianin Arthur (BEL)"]
[Result "0-1"]
[WhiteElo "2197"]
[BlackElo "2384"]

1.d4 d6 2.Nf3 g6 3.c4 Bg7 4.Nc3 e5 5.dxe5 dxe5 6.Qxd8+ Kxd8 7.Bg5+ f6 8.O-O-O+
Ke8 9.Nb5 Na6 10.Bd2 Be6 11.b3 Nh6 12.h3 Nf7 13.g4 Bf8 14.Bc3 c6 {#R} 0-1

[Event "Cup Tripp Lite Bestcomp (active)"]
[Site "Baku (Azerbaijan)"]
[Round "0"]
[White "Ibragimov Bagir (AZE)"]
[Black "Abbasov Farid (AZE)"]
[Result "0-1"]
[WhiteElo "2385"]
[BlackElo "2381"]

1.d4 d6 2.c4 e5 3.dxe5 dxe5 4.Qxd8+ Kxd8 5.Nc3 Be6 6.Nf3 f6 7.b3 Nd7 8.Bb2 c6
9.g3 h5 10.h4 Nh6 11.Bh3 Bxh3 12.Rxh3 Kc7 13.e3 Bb4 14.Ke2 a5 15.Ne4 Be7
16.Rhh1 a4 17.Rhd1 Nf7 18.Rab1 Rhe8 19.Nc3 axb3 20.axb3 Bb4 21.Na4 Nd6 22.Rbc1
Ne4 23.Ra1 Ndc5 {#R} 0-1

[Event "It (cat.1)"]
[Site "Loures (Portugal)"]
[Round "3"]
[White "Conceicao Paulo (POR)"]
[Black "Damaso Rui (POR)"]
[Result "0-1"]
[WhiteElo "2086"]
[BlackElo "2386"]

1.d4 d6 2.c4 e5 3.dxe5 dxe5 4.Qxd8+ Kxd8 5.Nc3 Be6 6.b3 c6 7.Nf3 f6 8.e3 a5
9.a3 Nd7 10.Nd2 Ne7 11.Be2 Nc8 12.O-O Ncb6 13.Bb2 Be7 14.Rfc1 Nc5 15.b4 Nca4
16.c5 Nxc3 17.Bxc3 Na4 18.Bc4 Bf5 19.Nb3 Nxc3 20.Rxc3 axb4 21.axb4 Rxa1+
22.Nxa1 Kc7 23.Nb3 Ra8 24.Na5 Bxc5 25.Nxc6 bxc6 26.bxc5 Ra1+ 27.Bf1 Bc8 {#R}
0-1

[Event "It (open)"]
[Site "Burgos (Spain)"]
[Round "8"]
[White "Agirretxe San Sebastian J (ESP)"]
[Black "Ubeira Enrique (ARG)"]
[Result "1-0"]
[WhiteElo "2196"]
[BlackElo "2022"]

1.d4 d6 2.Nf3 Nd7 3.c4 e5 4.Nc3 g6 5.g3 Bg7 6.Bg2 f5 7.Ng5 Nb6 8.dxe5 Bxe5
9.c5 Qf6 10.cxb6 Bxc3+ 11.bxc3 axb6 12.Qd4 Qxd4 13.cxd4 h6 14.Nf3 Nf6 15.O-O
Kf7 16.Nd2 {#r} 1-0

[Event "It (open)"]
[Site "Wiesbaden (Germany)"]
[Round "7"]
[White "Vogler Tilmann (GER)"]
[Black "Drill Frank (GER)"]
[Result "1-0"]
[WhiteElo "2373"]
[BlackElo "2172"]

1.d4 d6 2.f4 Nf6 3.Nf3 Bg4 4.e3 c6 5.h3 Bxf3 6.Qxf3 Nbd7 7.Nd2 e5 8.fxe5 dxe5
9.c3 Qc7 10.Bc4 Bd6 11.O-O Nb6 12.Bb3 O-O-O 13.a4 Rhe8 14.a5 Nbd5 15.e4 exd4
16.exd5 dxc3 17.bxc3 cxd5 18.Kh1 Re5 19.a6 b6 20.Ba4 h5 21.Ba3 Bxa3 22.Rxa3
Qe7 23.c4 Ne4 24.Nxe4 dxe4 25.Qxf7 {#r} 1-0

[Event "It (open) "]
[Site "Kavala (Greece)"]
[Round "5"]
[White "Halkias Stelios (GRE)"]
[Black "Koyias Konstantinos (GRE)"]
[Result "1-0"]
[WhiteElo "2519"]
[BlackElo "2285"]

1.d4 d6 2.Nf3 Bg4 3.c4 Nd7 4.Qb3 Rb8 5.Be3 g6 6.Nc3 Bg7 7.Nd2 c5 8.d5 Nb6 9.f3
Bd7 10.Bf2 Nf6 11.e4 O-O 12.Be2 Na8 13.O-O Nc7 14.f4 Be8 15.Bh4 b5 16.cxb5 a6
17.a4 c4 18.Bxc4 axb5 19.axb5 Ng4 20.e5 dxe5 21.Nde4 Nf6 22.d6 exf4 23.dxc7
Qxc7 24.Nxf6+ exf6 25.Nd5 Qd6 26.Ra6 {#r} 1-0

[Event "It (open) "]
[Site "Lisbon (Portugal)"]
[Round "7"]
[White "Estremera Panos Sergio (ESP)"]
[Black "Leonardo Joao (POR)"]
[Result "1-0"]
[WhiteElo "2398"]
[BlackElo "2219"]

1.d4 d6 2.Nf3 Bg4 3.c4 e5 4.dxe5 Nc6 5.Bg5 Qd7 6.exd6 Bxd6 7.Nc3 Nge7 8.Qa4
O-O-O 9.O-O-O Qf5 10.e4 Qe6 11.Be3 a6 12.Be2 f6 13.c5 Be5 14.Bc4 {#r} 1-0

[Event "Cup Rilton"]
[Site "Stockholm (Sweden)"]
[Round "6"]
[White "Sjoberg Mats (SWE)"]
[Black "Lehtinen Antti (FIN)"]
[Result "1-0"]
[WhiteElo "2338"]
[BlackElo "2152"]

1.d4 d6 2.Nf3 g6 3.Bf4 Bg7 4.e3 c6 5.Nbd2 Nd7 6.Be2 Ngf6 7.c3 O-O 8.h3 Re8
9.Bh2 b6 10.a4 Bb7 11.O-O a6 12.Qb3 h6 13.e4 e5 14.dxe5 dxe5 15.Rad1 b5 16.Nc4
Qc7 17.Nd6 Re7 18.c4 Nc5 19.Qe3 Nxa4 20.b3 Nb6 21.Nxe5 Nc8 22.c5 Qa5 23.Nxb7
Rxb7 24.Nxc6 Qa2 25.Rd8+ Kh7 26.e5 {#r} 1-0

[Event "It (open)"]
[Site "Korinthos (Greece)"]
[Round "2"]
[White "Erwich Frans AGM (NED)"]
[Black "Nikolaidis Ioannis (GRE)"]
[Result "0-1"]
[WhiteElo "2096"]
[BlackElo "2524"]

1.d4 d6 2.c4 e5 3.Nf3 e4 4.Ng5 f5 5.Nh3 Nf6 6.Nc3 c6 7.d5 Be7 8.f3 Nbd7 9.Nf2
cxd5 10.cxd5 O-O 11.g3 b5 12.a3 Qb6 13.Bg2 Ne5 14.b3 Bd7 15.O-O Rac8 16.Bb2 f4
17.Kh1 exf3 18.exf3 fxg3 19.hxg3 Qe3 20.Nce4 Nxe4 21.Nxe4 Nd3 22.Ra2 Bf5
23.Ba1 Bxe4 24.Re2 Qh6+ 25.Kg1 Rc1 26.Qd2 Qxd2 27.Rxd2 Rxf1+ {#R} 0-1

[Event "It (open)"]
[Site "Burgos (Spain)"]
[Round "7"]
[White "Barbosa Fernandez Juan Carlos (ESP)"]
[Black "Fernando Diogo (POR)"]
[Result "0-1"]
[WhiteElo "2163"]
[BlackElo "2367"]

1.d4 d6 2.Nf3 Bg4 3.Nbd2 Nd7 4.c3 e5 5.dxe5 Nxe5 6.Nxe5 dxe5 7.Qa4+ Bd7 8.Qe4
Bd6 9.Qxb7 Nf6 10.Ne4 Nxe4 11.Qxe4 O-O 12.Qc2 Bc6 13.e4 Qh4 14.Bd3 f5 15.Bc4+
Kh8 16.Bd5 Bxd5 17.exd5 Qc4 18.b3 Qxd5 19.O-O e4 20.Bb2 f4 21.c4 Qe6 22.Rfe1
Rae8 23.c5 f3 24.h3 Qg6 25.g4 Qh6 26.Qc3 Be5 27.Qxe5 Rxe5 28.Bxe5 Qxh3 {#R}
0-1

[Event "It (cat.5)"]
[Site "Vukovar (Croatia)"]
[Round "4"]
[White "Novakovic Dragan (CRO)"]
[Black "Jovanovic Zoran (CRO)"]
[Result "0-1"]
[WhiteElo "2400"]
[BlackElo "2373"]

1.d4 d6 2.Nf3 Bg4 3.e3 Nf6 4.Be2 Nbd7 5.Nbd2 e6 6.c4 Be7 7.b3 O-O 8.Bb2 c5
9.O-O Qc7 10.Rc1 Rfe8 11.h3 Bh5 12.g4 Bg6 13.Nh4 Nf8 14.g5 N6d7 15.f4 cxd4
16.exd4 f6 17.Ndf3 fxg5 18.Nxg5 Bxg5 19.fxg5 Qa5 20.c5 Rad8 21.Bc3 Qc7 22.Bb5
a6 23.Bc4 d5 24.Be2 Qg3+ {#R} 0-1

[Event "It (open)"]
[Site "Zuerich (Switzerland)"]
[Round "5"]
[White "Muelli Thomas (SUI)"]
[Black "Habibi Ali (GER)"]
[Result "0-1"]
[WhiteElo "2030"]
[BlackElo "2264"]

1.d4 d6 2.Nf3 g6 3.c4 Bg7 4.Nc3 c5 5.e3 Na6 6.Be2 Nf6 7.O-O O-O 8.b3 b6 9.Bb2
Bb7 10.a3 e6 11.Qc2 Qe7 12.Nd2 Rac8 13.dxc5 Nxc5 14.Bf3 d5 15.b4 Ncd7 16.Qa4
a6 17.cxd5 exd5 18.Ne2 Ne5 19.Bxe5 Qxe5 20.Nd4 Bh6 21.Qb3 Rc7 22.Rac1 Rfc8
23.Rxc7 Rxc7 24.Be2 Ne4 25.Nxe4 dxe4 26.Qb2 b5 27.Rc1 Rxc1+ 28.Qxc1 Qxd4 {#R}
0-1

[Event "It (open)"]
[Site "Bratto (Italy)"]
[Round "2"]
[White "Maksimovic Suzana (SRB)"]
[Black "Eskola Risto (FIN)"]
[Result "1-0"]
[WhiteElo "2286"]
[BlackElo "2133"]

1.d4 d6 2.Nf3 Nd7 3.c4 e5 4.Nc3 g6 5.e3 Bg7 6.Be2 Ne7 7.b3 O-O 8.Bb2 a5 9.O-O
Nf5 10.dxe5 Nxe5 11.Qc2 Nxf3+ 12.Bxf3 Nh4 13.Be4 c6 14.g3 Nf5 15.Rad1 Qe7
16.Rd2 Rd8 17.Rfd1 h5 18.Bg2 h4 19.Ne4 hxg3 20.hxg3 Be6 21.Bxg7 Kxg7 22.Qb2+
f6 23.Qa3 c5 24.Qb2 b5 25.g4 {#r} 1-0

[Event "Ch Spain (team) (2 div)"]
[Site "Spain"]
[Round "3"]
[White "Alonso Pascual Francisco (ESP)"]
[Black "Mate Adan Carlos (ESP)"]
[Result "0-1"]
[WhiteElo "2243"]
[BlackElo "2249"]

1.d4 d6 2.c4 e5 3.d5 f5 4.Nc3 Nf6 5.Bg5 Be7 6.e3 Nxd5 7.Nxd5 Bxg5 8.Nxc7+ Qxc7
9.Qh5+ g6 10.Qxg5 Qa5+ 11.Kd1 O-O 12.h4 f4 13.e4 Qb6 14.Kc2 Qxf2+ 15.Be2 Nc6
16.h5 Nd4+ 17.Kd1 f3 18.gxf3 Nxe2 19.hxg6 Nxg1 20.Qe7 Qxf3+ 21.Kc2 Qe2+ {#R}
0-1

[Event "Bayern Landesliga South 2000/01"]
[Site "Bayern (Germany)"]
[Round "6"]
[White "Riehl Joerg"]
[Black "Wolf Gerhard"]
[Result "1-0"]
[WhiteElo "2005"]
[BlackElo "2045"]

1.d4 d6 2.Nf3 g6 3.c4 Bg7 4.e4 Nd7 5.Be2 e6 6.O-O Ne7 7.Be3 O-O 8.Nc3 Nf6
9.Qc2 a6 10.Nd2 e5 11.d5 Ng4 12.Bxg4 Bxg4 13.c5 b5 14.f3 Bc8 15.a4 b4 16.Na2
a5 17.Nc1 f5 18.Ncb3 f4 19.Bf2 g5 20.Rfc1 Rf6 21.cxd6 cxd6 22.Qc7 Qxc7 23.Rxc7
Ng6 24.Nc4 g4 25.Nb6 {#r} 1-0

[Event "It (cat.2) (a)"]
[Site "Budapest (Hungary)"]
[Round "3"]
[White "Xu Hanbing (CHN)"]
[Black "Khechumyan Gagik (ARM)"]
[Result "1-0"]
[WhiteElo "2338"]
[BlackElo "2315"]

1.d4 d6 2.Nf3 Bg4 3.e4 Nd7 4.Bc4 e5 5.c3 Bxf3 6.Qxf3 Ngf6 7.Bb3 Qe7 8.Nd2 d5
9.O-O exd4 10.exd5 O-O-O 11.Nc4 Ne5 12.Qf5+ Nfd7 13.d6 cxd6 14.cxd4 Nc6 15.Bg5
f6 16.Be3 g6 17.Qb5 a6 18.Nb6+ Kb8 19.Nxd7+ Qxd7 20.Qb6 d5 21.Rac1 Qc7 22.Rxc6
{#r} 1-0

[Event "It (open)"]
[Site "Polanica Zdroj (Poland)"]
[Round "9"]
[White "Orzech Dominik (POL)"]
[Black "Swicarz Maciej (POL)"]
[Result "1-0"]
[WhiteElo "2251"]
[BlackElo "2336"]

1.d4 d6 2.Nf3 Bg4 3.c4 Nd7 4.Nc3 Bxf3 5.gxf3 g6 6.e4 c5 7.d5 Bg7 8.h4 Qc7 9.h5
O-O-O 10.Bd2 Ngf6 11.h6 Bf8 12.Nb5 Qb8 13.b4 Ng8 14.Bh3 a6 15.Nc3 cxb4 16.Na4
Qc7 17.Be3 Kb8 18.Bxd7 Qxd7 19.Nb6 Qc7 20.Qd4 Nf6 {#r} 1-0

[Event "Ch Republic Srpska (team)"]
[Site "Jahorina (Bosnia & Herzegovina)"]
[Round "9"]
[White "Spasenovic Zoran (BIH)"]
[Black "Kelecevic Mladen (SRB)"]
[Result "0-1"]
[WhiteElo "2164"]
[BlackElo "2318"]

1.d4 d6 2.c4 g6 3.Nc3 Bg7 4.g3 Nc6 5.d5 Ne5 6.e4 Nf6 7.f4 Ned7 8.Be3 O-O 9.Nf3
c6 10.Bd3 cxd5 11.cxd5 Nc5 12.b4 Nxd3+ 13.Qxd3 Nxe4 14.Qxe4 Bf5 15.Qc4 Rc8
16.Bc5 dxc5 17.Ne5 cxb4 18.Qxb4 Bxe5 19.fxe5 Qc7 20.Kd2 Qxe5 21.Rhe1 Qf6
22.Re3 Rc7 23.Rf1 Rfc8 24.g4 Rc4 25.Qxe7 Qd4+ {#R} 0-1

[Event "Ch Poland (team) (juniors) (under 20) (2 div)"]
[Site "Krynica (Poland)"]
[Round "10"]
[White "Szymanski Piotr (POL)"]
[Black "Sztwiertnia Krzysztof (POL)"]
[Result "1-0"]
[WhiteElo "2110"]
[BlackElo "2125"]

1.d4 d6 2.Nf3 Bg4 3.e4 Nf6 4.Nc3 e6 5.h3 Bh5 6.g4 Bg6 7.Qe2 c6 8.e5 Nd5 9.Ne4
dxe5 10.Nxe5 Bb4+ 11.Kd1 Qb6 12.Qd3 Be7 13.Nxg6 hxg6 14.c3 Nd7 15.Qf3 a5
16.Kc2 a4 17.Nd2 Qc7 18.Nc4 b5 19.Ne3 b4 20.c4 b3+ 21.Kd1 Nb4 22.axb3 Bf6 {#r}
1-0

[Event "Cup Yugoslavia (team)"]
[Site "Herceg Novi (Montenegro)"]
[Round "1"]
[White "Scekic Milos (SRB)"]
[Black "Nevednichy Vladislav (ROM)"]
[Result "0-1"]
[WhiteElo "2432"]
[BlackElo "2593"]

1.d4 d6 2.c4 e5 3.Nf3 e4 4.Ng5 f5 5.h4 h6 6.Nh3 Qxh4 7.Nc3 c6 8.g3 Qf6 9.g4
fxg4 10.Ng5 Qg6 11.Ngxe4 Nf6 12.Bg2 Nxe4 13.Nxe4 Bf5 {#R} 0-1

[Event "It (open)"]
[Site "Vlissingen (Netherlands)"]
[Round "2"]
[White "Ikonnikov Vyacheslav (RUS)"]
[Black "Van Der Zalm M (NED)"]
[Result "1-0"]
[WhiteElo "2509"]
[BlackElo "2110"]

1.d4 d6 2.Nf3 g6 3.c4 f5 4.Nc3 Nf6 5.Bg5 Nbd7 6.Qc2 Bg7 7.e4 fxe4 8.Nxe4 Nxe4
9.Qxe4 Nf6 10.Qc2 Bf5 11.Bd3 Bxd3 12.Qxd3 Qd7 13.O-O O-O 14.Rfe1 Rae8 15.Re2
e6 16.Rae1 Qf7 17.Bd2 h6 18.Nh4 Ng4 19.f3 Qf6 20.Re4 h5 21.fxg4 Qxh4 22.h3
Qf2+ 23.Kh1 e5 24.Bc3 Rf4 25.Rxf4 Qxf4 26.Qxg6 Rf8 27.dxe5 hxg4 28.exd6 {#r}
1-0

[Event "Memorial I.Stepichev"]
[Site "Kiev (Ukraine)"]
[Round "8"]
[White "Fomin Vladimir (RUS)"]
[Black "Kernazhitsky Leonid (UKR)"]
[Result "0-1"]
[WhiteElo "2123"]
[BlackElo "2372"]

1.d4 d6 2.Nf3 Bg4 3.h3 Bxf3 4.exf3 Nd7 5.Be2 g6 6.O-O Bg7 7.c3 Ngf6 8.Re1 O-O
9.Bg5 h6 10.Bd2 c5 11.dxc5 Nxc5 12.Na3 a6 13.Be3 Qc7 14.Qd2 Kh7 15.Rad1 d5
16.Nc2 Rfd8 17.Bf1 e6 18.Qd4 Rac8 19.Qh4 Nh5 20.g4 Bf6 21.g5 hxg5 22.Bxg5 Bxg5
23.Qxg5 Qf4 24.Qg4 Nd7 25.Rd4 Qf6 26.Ne3 Ne5 {#R} 0-1

[Event "Ch Poland (team)"]
[Site "Glogow (Poland)"]
[Round "1"]
[White "Ivanov Sergey_ (RUS)"]
[Black "Markowski Tomasz (POL)"]
[Result "1-0"]
[WhiteElo "2556"]
[BlackElo "2550"]

1.d4 d6 2.Nf3 g6 3.c4 Bg7 4.Nc3 c5 5.d5 Bxc3+ 6.bxc3 f5 7.g3 Qa5 8.Qb3 Nf6
9.Bg2 Nbd7 10.Bh6 Rg8 11.O-O Nb6 12.a4 Bd7 13.Nd2 Ng4 14.Bg5 Ne5 15.Bf4 Nf7
16.e4 O-O-O 17.exf5 g5 18.Be3 Bxf5 19.Qb5 Qxb5 20.cxb5 Ne5 21.Bxg5 Bd3 22.Bxe7
Rd7 23.Bh3 Bxf1 24.Rxf1 Ng4 25.Bh4 Nxd5 26.f3 Nge3 27.Re1 Re8 28.c4 {#r} 1-0

[Event "It (open)"]
[Site "Bad Woerishofen (Germany)"]
[Round "6"]
[White "Pohlers Juergen (GER)"]
[Black "Lada Ireneusz (POL)"]
[Result "0-1"]
[WhiteElo "2133"]
[BlackElo "2205"]

1.d4 d6 2.c4 e5 3.dxe5 dxe5 4.Qxd8+ Kxd8 5.Nc3 Be6 6.b3 c6 7.g3 Nd7 8.Bh3 Bxh3
9.Nxh3 Bb4 10.Bd2 h6 11.a3 Be7 12.f4 Ngf6 13.O-O Re8 14.b4 e4 15.Rfd1 Bf8
16.Be3 Kc7 17.Nf2 Nb6 18.Bxb6+ axb6 19.e3 Ra7 20.Ra2 Rea8 21.Rda1 g6 22.Kf1
Bg7 23.a4 Ng4 24.Nfxe4 f5 {#R} 0-1

[Event "Ch Finland (team) 2000/01"]
[Site "Finland"]
[Round "7"]
[White "Karttunen Mika (FIN)"]
[Black "Ristoja Jan (FIN)"]
[Result "1-0"]
[WhiteElo "2442"]
[BlackElo "2292"]

1.d4 d6 2.Bg5 Nd7 3.e4 Ngf6 4.Nd2 e5 5.c3 Be7 6.Ngf3 O-O 7.Bd3 c6 8.O-O Ng4
9.Bxe7 Qxe7 10.Re1 Ngf6 11.Nc4 Ne8 12.Qb3 Nc7 13.a4 c5 14.Rad1 a6 15.a5 g6
16.Bf1 Rb8 17.dxe5 dxe5 18.Rd2 Kg7 19.Red1 f6 20.Nd6 {#r} 1-0

[Event "It (a)"]
[Site "Helsinki (Finland)"]
[Round "2"]
[White "Kekki Petri (FIN)"]
[Black "Keskinen Sauli (FIN)"]
[Result "1-0"]
[WhiteElo "2300"]
[BlackElo "2294"]

1.d4 d6 2.Nf3 g6 3.c4 Bg7 4.Nc3 Nd7 5.g3 e5 6.Bg2 Ne7 7.O-O O-O 8.e4 exd4
9.Nxd4 Nc6 10.Nde2 a5 11.Be3 Nc5 12.f4 Be6 13.b3 Qc8 14.Nd4 Bh3 15.Nd5 Bxg2
16.Kxg2 Re8 17.Nb5 Na6 18.f5 Rxe4 19.Bh6 gxf5 20.Qh5 Qe6 21.Bxg7 Re2+ 22.Kg1
Kxg7 23.Rxf5 Re8 24.Raf1 Nd8 25.Nd4 Qg6 26.Rg5 Rxa2 27.Rxg6+ hxg6 28.Qg5 {#r}
1-0

[Event "Ch Finland (team) 2000/01"]
[Site "Finland"]
[Round "8"]
[White "Kivimaki Jaakko (FIN)"]
[Black "Eskola Risto (FIN)"]
[Result "1-0"]
[WhiteElo "2218"]
[BlackElo "2133"]

1.d4 d6 2.Nf3 Nd7 3.e3 g6 4.b4 Bg7 5.c3 e5 6.a4 f5 7.Qb3 Qe7 8.Ba3 e4 9.Nfd2
Ngf6 10.c4 f4 11.Be2 g5 12.h4 h6 13.hxg5 hxg5 14.Rxh8+ Bxh8 15.Nc3 Nf8 16.c5
dxc5 17.Nd5 Nxd5 18.Qxd5 Nd7 19.bxc5 Qh7 20.Qxg5 Nf6 {#r} 1-0

[Event "It (open) "]
[Site "Lisbon (Portugal)"]
[Round "2"]
[White "Campos Moreno Javier B (CHI)"]
[Black "Rodrigues Nuno (POR)"]
[Result "1-0"]
[WhiteElo "2500"]
[BlackElo "2229"]

1.d4 d6 2.c4 e5 3.Nf3 Bg4 4.dxe5 Nc6 5.Bg5 Qd7 6.exd6 Bxd6 7.Nc3 Nge7 8.Qa4
O-O-O 9.O-O-O Qf5 10.e4 Qg6 11.Be3 Bxf3 12.gxf3 Qf6 13.Bxa7 Qxf3 14.Be2 Qh3
15.Be3 Be5 16.Nd5 Nxd5 17.cxd5 Nb8 18.Rd3 Qh4 19.Rb3 Rxd5 20.Rxb7 Rd6 21.Rb4
Bf4 22.e5 Bxe3+ 23.fxe3 Rc6+ 24.Kb1 {#r} 1-0

[Event "Ch Romania (team)"]
[Site "Romania"]
[Round "4"]
[White "Zhukova Natalia (UKR)"]
[Black "Sheremetieva Marina (MDA)"]
[Result "1-0"]
[WhiteElo "2441"]
[BlackElo "2308"]

1.d4 d6 2.c4 e5 3.d5 f5 4.e4 Nf6 5.exf5 Bxf5 6.Nc3 Be7 7.Nge2 O-O 8.Ng3 Bg6
9.Bd3 Qe8 10.O-O Nbd7 11.Bg5 a5 12.Bxf6 Bxf6 13.Bxg6 Qxg6 14.Nge4 Be7 15.Qe2
Rf4 16.f3 Raf8 17.a3 Bd8 18.b4 c6 19.dxc6 bxc6 20.Rad1 Bb6+ 21.c5 dxc5 22.bxa5
Bxa5 23.Rxd7 Qe6 24.Rb7 {#r} 1-0

[Event "It (b)"]
[Site "Helsinki (Finland)"]
[Round "7"]
[White "Myllyniemi Martti (FIN)"]
[Black "Lardot Derik (FIN)"]
[Result "0-1"]
[WhiteElo "2142"]
[BlackElo "2008"]

1.d4 d6 2.c4 e5 3.e3 Be7 4.Nc3 f5 5.Bd2 Nf6 6.Qc2 O-O 7.O-O-O c6 8.f3 Na6 9.a3
e4 10.Nh3 d5 11.Qb3 Nc7 12.Be2 Kh8 13.Ng5 h6 14.Nh3 dxc4 15.Bxc4 b5 16.Be2 Be6
17.Qc2 Ncd5 18.Nf4 Nxf4 19.exf4 Qxd4 20.Nxe4 fxe4 21.fxe4 Nxe4 22.Bd3 Nf2
23.Bc3 Qxf4+ 24.Bd2 Qa4 25.Bc3 Qxc2+ {#R} 0-1

[Event "It (open)"]
[Site "Presov (Slovakia)"]
[Round "2"]
[White "Molnar Peter (SVK)"]
[Black "Sawadkuhi Massoud Amir (IRI)"]
[Result "1-0"]
[WhiteElo "2207"]
[BlackElo "2284"]

1.d4 d6 2.Nf3 Bg4 3.e4 e6 4.Nc3 Be7 5.h3 Bh5 6.Qe2 a6 7.g4 Bg6 8.h4 h6 9.Bf4
Nd7 10.O-O-O b5 11.Kb1 Nb6 12.a3 Nf6 13.Rg1 d5 14.Ne5 Bxe4 15.f3 Bh7 16.g5 Nh5
17.Bc1 hxg5 18.hxg5 Nc4 19.Nxf7 Qd7 20.Nxh8 b4 21.axb4 Bxb4 22.Nxd5 Ba5
23.Qxc4 exd5 24.Qe2+ Kd8 25.g6 Bg8 26.Nf7+ Kc8 27.Qh2 Nf6 28.Bh3 {#r} 1-0

[Event "Ch Slovenia (team) West"]
[Site "Bled (Slovenia)"]
[Round "1"]
[White "Starcic Tadej (SLO)"]
[Black "Vrcon Damijan (SLO)"]
[Result "1-0"]
[WhiteElo "2248"]
[BlackElo "2176"]

1.d4 d6 2.c4 e5 3.Nf3 Bg4 4.dxe5 Bxf3 5.gxf3 Nc6 6.exd6 Bxd6 7.Nc3 Qh4 8.e3
O-O-O 9.Bd2 Ne5 10.f4 Ng4 11.Qf3 Bb4 12.Qg3 Qxg3 13.fxg3 Nf2 14.Rg1 Nf6 15.a3
Rxd2 16.Kxd2 N6e4+ 17.Ke1 Bxc3+ 18.bxc3 Rd8 19.Be2 Rd2 20.Rg2 Nd3+ 21.Kf1 f5
22.Rd1 {#r} 1-0

[Event "Landesliga 2000/01"]
[Site "Mecklenburg-Vorpommern (Germany)"]
[Date "2001.03.11"]
[Round "7"]
[White "Herrmann Carsten (GER)"]
[Black "Mentel Juergen Dr (GER)"]
[Result "0-1"]
[WhiteElo "2028"]
[BlackElo "2008"]

1.d4 d6 2.c4 e5 3.Nf3 e4 4.Ng5 f5 5.g3 Be7 6.Nh3 Nf6 7.Bg2 c6 8.O-O O-O 9.Nc3
Qb6 10.f3 d5 11.Qb3 Qxd4+ 12.e3 Qxc4 13.Qxc4 dxc4 14.fxe4 Nxe4 15.Nxe4 fxe4
16.Rxf8+ Bxf8 17.Ng5 Bf5 18.Nxe4 Na6 19.Nd2 Bd3 20.Bh3 Re8 21.Nf3 Bc5 22.Ng5
Nc7 23.Kf2 h6 24.Nf3 Nd5 {#R} 0-1

[Event "Ch Hungary (team) 2001/02 (2 liga)"]
[Site "Hungary"]
[Date "2001.11.18"]
[Round "3"]
[White "Somlo Bela (HUN)"]
[Black "Szoboszlai Zita (HUN)"]
[Result "1-0"]
[WhiteElo "2132"]
[BlackElo "2117"]

1.d4 d6 2.Nf3 Bg4 3.g3 Nd7 4.Bg2 c6 5.O-O e5 6.dxe5 dxe5 7.Nbd2 Ngf6 8.Nc4 Qc7
9.c3 b5 10.Ne3 Bh5 11.a4 Rd8 12.axb5 Nc5 13.Qe1 cxb5 14.c4 bxc4 15.Qa5 Qxa5
16.Rxa5 e4 17.Ne5 Bxe2 18.Re1 Bd3 19.Rxa7 Be7 20.Nf5 Nd5 21.Nc6 Rd7 22.Ra8+
Bd8 23.Nxg7+ Kf8 24.Bh6 {#r} 1-0